MDQL
is popping MORE tags! Check the
thread
!
Quizzes
Events
Quiz Creation
Community
Videos
Private Events
Remove Ads
Sign In
Join for FREE
Feedback
Dark Mode
Quiz Categories
Sports
Geography
Music
Movies
Television
Just For Fun
Miscellaneous
History
Literature
Language
Science
Gaming
Entertainment
Religion
Holiday
For Kids
Quiz Lab
Recent
Popular Today
Quiz Kudos Today
Editor Picks
Curator Picks
Quizzes by...
Day
Popularity
Type
Ratings
Length
Year
Community
Subscriptions
Recent Discussions
Orange Saloon
Badges
Playlists
Quests
Create
Leaderboards
Showdown
Live 5
Trivia Bingo
Activity
Puzzle Library
Sporcle Events
Private Events
Virtual Trivia
Globe League
Become a Host
Pub Owners
SporcleCon
Opinionation
Our Games
Videos
Blog
Mobile Apps
Partnerships
Remove Ads and Go Orange
Feedback
Television
TV Characters
TV Show
Sitcom
Network
Friends
Reality Shows
Cast
South Park
Star Trek
The Simpsons
Doctor Who
Television
TV Characters
TV Show
Sitcom
Network
Friends
Reality Shows
Cast
South Park
Star Trek
The Simpsons
Doctor Who
Random Quiz
Search Sporcle
×
Editor Pick
Editor Pick
Television
Friends
Select answers by clicking on text or image buttons
Select answers by clicking on text or image buttons
Clickable
Best Score? Go Orange.
Friends Places - Clickable Stats
The one where you pick the locations.
By
aliali96
12m
95 Questions
1,242 Plays
1,242 Plays
1,242 Plays
Comments
Comments
Give Quiz Kudos
Give Quiz Kudos
-
- Ratings
hide this ad
Forced Order
Answers have to be entered in order
Answers have to be entered in order
Replay
Link that replays current quiz
Next Quiz
Link to next quiz in quiz playlist
You Got
0%
They Got
Avg Score
43%
Avg Friend Score
Upgrade to see
Score Distribution
Jump to the score distribution portion of the page
Score
0/95
Timer
12:00
0
Plays Today
% Correct
Central Perk
62.2%
New York City
60.9%
Yemen
59.7%
Minsk
58.3%
London
58.1%
Pottery Barn
57.6%
City bus
57.1%
San Diego Zoo
57%
Bathroom
56.8%
Vermont
56.2%
Pottery Barn
56.2%
A Little White Chapel
56%
Lincoln High School
55.8%
Gym
55.3%
Mattress King
54.8%
Janitor's closet
54.6%
Mount Tibidabo
54.5%
Easy Monica's Bakery
54.4%
Restaurant bathroom
53.5%
Caesars Palace
53.4%
Dentist's chair
53.1%
Strip joint
52.9%
Aruba
52.8%
Water Fountain
52.7%
Mt. Everest
52.2%
Bar
51.4%
Atlantic City
51.4%
Entertainment Unit
51.2%
Italy
51.2%
Coffee house
50%
Moondance Diner
49.7%
Morgan Chase Museum
49.7%
% Correct
hallway
47.6%
Las Vegas
47.4%
Under the Cushion
46.9%
Joey's Room
46.7%
Poughkeepsie
46%
Dollywood
46%
Gym
45.7%
Planetarium
45.7%
Healing Hands Inc.
45.7%
Athens
45.6%
Greenwich Village
45.6%
Ross's apartment
45.4%
Fishing trip
45.3%
Florida
44.3%
Central Perk
43.7%
London
42.9%
Utah
42.7%
Empire Office Supplies
41.9%
Street
41.3%
Incense room
41.1%
Kleinman's Department store
40.8%
Museum
40.6%
Coffeehouse
40.3%
Saks Fifth Avenue
40.3%
Montreal
40.2%
Carol and Susan's wedding
40.2%
Hospital
40.1%
Montauk
39.5%
Rider's Island Correctional Complex
39.5%
Colorado
39.1%
It's Not too Late
39.1%
Mexico
39%
% Correct
Vail
38.5%
Marriott
37.7%
SoHo
37.7%
The Plaza
37.6%
Egypt
37.1%
St. Vincent's
37%
Coffee House
36.9%
Sea
36.1%
St. Vincent's
36%
His lab
35.7%
Ross's apartment
35.4%
St. Vincent's
34.4%
Coffeehouse
33.9%
Graduate school
32.8%
Mexico
32.7%
Riff's
32.4%
Barry and Mindy's wedding
32.2%
Moondance Diner
32.1%
Supermarket
31.6%
Monica's balcony
31.6%
It's a Small World
31.4%
Massapequa
31.3%
New York Public Library women's room
29.8%
Her dermatologist's office
28.9%
Restaurant
26.5%
Dot's Spot
26.2%
Monica's restaurant
25.3%
Building's storage room
24.2%
Pool table
20.2%
Hallway
19.9%
Interlude
19.5%
Quiz Playlist
Details
Report
Send in Message
Add To Playlist
Clickable:
Select answers by clicking on text or image buttons
Forced Order:
Answers have to be entered in order
Last Updated: Oct 22, 2020
Editor Pick in
Television
Quiz Scoreboard
CHALLENGE
Sign Up to Join the Scoreboard
Show All
Scores
Hide
Comments
May contain spoilers
Recently Published
1-10 Letter E Words III
by El_Dandy
Language
2m
Street Fighter Characters
by Artimus82
Gaming
60s
College Basketball Coaching Resumes
by pancakes188
Sports
9m
More to Explore
Quiz From the Vault
Featured Blog Post
Where Did the Easter Bunny Come From?
hide this ad
You Might Also Like...
Tags
Friends Quiz
TV Show Quiz
Today's Top Quizzes in Television
Browse Television
hide this ad
Today's Top Quizzes in Friends
Browse Friends
Top Contributed Quizzes in Television
1
Survivor Journey Challenge
2
Adjectives in 80s TV Shows
3
5-to-1: The Simpsons Families
4
Adjectives in 00s TV Shows
5
5-to-1: Television Doctors
6
Adjectives in 10s TV Shows
7
7-to-1: TV Show Settings
8
5-to-1: Streaming Originals
9
Adjectives in 70s TV Shows
10
Survivor Seasons
Explore More
Trending Topics
Marvel
Harry Potter
Kpop
NBA
Anime
Disney
Crossword
Song
WWE
Pokémon
The Office
NFL
Soccer
Country
Puzzle
hide this ad
More By:
aliali96
Quiz
Plays
Rating
Category
Featured
Created
Friends Places - Clickable
1,242
4.29
Television
Oct 22, 2020
Which Friend (Mega)...
322
Television
Oct 24, 2020
Friends Cast - Clickable
168
Television
Nov 2, 2020
Author Matching--English Final--Winchester
58
3.40
Literature
May 23, 2015
Clue Murders (The Movie)
26
4.00
Movies
Nov 2, 2020
Go to Creator's Profile
Score Distribution
Quiz Creator Spotlight
aliali96
Follow
Send a Message
Quizzes Created
-
Created Quiz Play Count
-
More By This Creator
Popular Quizzes Today
1
Find the US States - No Outlines Minefield
2
Find the Countries of Europe - No Outlines Minefield
3
The Countries of the World
4
Find the US States
5
Risky Map Clicking: Biggest States A-Z
6
US States
7
Popular People in 1961
8
Movies - When Are They Set?
More Television Quizzes
Which Dunder-Mifflin Employee Said It?
Curator's Pick
Trending Quizzes
Risky Map Clicking: Least Populous States A-Z
Billboard Blitz: Aretha Franklin
Famous Russians: Author or Composer?
1-10 Letter G Words
Countries of the World: 200 Million BC
Recently Updated
Leaping Animals
pecheneg
Reality TV Shows (A-Z)
bhenderson79
Rickey Henderson's Hall of Fame Teammates
pecheneg
Champions League XIs: Arsenal
pecheneg
Quick Pick: Celebrities in WWE's Hall of Fame
aduchscher
A-Z Keypad Blitz II
pecheneg
Multiple Oscar Actors
pecheneg
Mystery Phrase Blitz: Oscar 'Best Actors'
pecheneg
F. Scott Fitzgerald Novels
LTH
Pick 3 Villains
ddd62291
Trending Topics
Kpop
Marvel
Harry Potter
Anime
NBA
Crossword
Disney
Song
Pokémon
Puzzle
Country
Soccer
WWE
The Office
NFL
Your Account Isn't Verified!
In order to create a playlist on Sporcle, you need to verify the email address you used during registration. Go to your
Sporcle Settings
to finish the process.
Report this User
Report this user for behavior that violates our
Community Guidelines
.
Details:
Send Report
Go to the Sporcle.com Mobile Site →
Comments